• 首页
  • 本馆介绍
  • 公告通知
  • 最新文献
  • 馆藏检索
  • 电子资源
  • 读者导购
  • 参考咨询
  • 我的图书馆
  • 登录
  • 详细信息显示
  • 放入我的书架
  • 预约/预借图书
  • 作者相关作品
  • 分类相关作品
  • 丛书相关作品
  • 出版社相关作品

书目信息

  • 表格格式
  • 工作单格式
  • 卡片格式
题名:
马克思主义认识论纲要
    
 
作者: 哈斯 , 毕文波 主编
分册:  
出版信息: 北京   军事科学出版社  1989
页数: 269页
开本: 20cm
丛书名:
单 册:
中图分类: B023
科图分类:
主题词: 马克思主义哲学--认识论
电子资源:
ISBN: 978-7-80021-110-2
000 00667cam0 2200229 450
001 0100250330
005 20081008162855.0
010    @a978-7-80021-110-2@dCNY3.90
100    @a20021005d1989 em y0chiy0110 ea
101 0  @achi
102    @aCN@b110000
105    @ay z 000yy
106    @ar
200 1  @a马克思主义认识论纲要@9Ma Ke Si;Sai Zhu Yi Ren Shi;Zhi Lun Gang Yao @f哈斯,毕文波主编@b专著
210    @a北京@c军事科学出版社@d1989
215    @a269页@d20cm
606 0  @a马克思主义哲学@x认识论
690    @aB023@v3
701  0 @a哈斯@9ha si@4主编
701  0 @a毕文波@f(1939~2020)@9bi wen bo@4主编
801  0 @aCN@bAiZhiMarc
905    @aBZT@dB023@e1@f2@sB023/1
    
    马克思主义认识论纲要/哈斯,毕文波主编.-北京:军事科学出版社,1989
    269页;20cm
    
    
    ISBN 978-7-80021-110-2:CNY3.90
    
●
相关链接 在五车中查询图书 在当当中查询图书 在豆瓣中查询图书


正题名:马克思主义认识论纲要     索取号:B023/1         预约/预借

序号 登录号 条形码 馆藏地/架位号 状态 备注
1 2000114563   2000114563   旧书回溯/ [索取号:B023/1] 在馆    
2 2000117956   2000117956   旧书回溯/ [索取号:B023/1] 在馆    
山东省滨州职业学院图书馆 欢迎您!
大连网信软件有限公司© 版权所有